000 00284nam a2200133Ia 4500
100 _aMethe/Shivaji
650 _aCommunication skills
942 _cBK
245 _aCommunication Skills 11
260 _bC.Jamnadas and Co
_c2014
082 _bMET
546 _aENGLISH
999 _c24124
_d24124